| 000 | 00000nam 2200000za 4500 |
| 001 | 9.837663 |
| 003 | CaOODSP |
| 005 | 20250123153007 |
| 007 | cr ||||||||||| |
| 008 | 170605s2017 quc o f000 0 tam d |
| 040 | |aCaOODSP|bfre |
| 043 | |an-cn--- |
| 086 | 1 |aCH37-4/1-2017Tam-PDF|zCH37-4/1-2017Ta-PDF |
| 245 | 00|a[Charte canadienne des droits et libertés] |h[ressource électronique]. |
| 250 | |a[Édition tamoul]. |
| 260 | |a[Gatineau, QC] : |b[Patrimoine canadien], |c[2017] |
| 300 | |a[1] p. |
| 500 | |aTitre français fourni par l’éditeur. |
| 500 | |aPublié aussi en français sous le titre : Charte canadienne des droits et libertés. |
| 520 | |aUne affiche de la Charte canadienne des droits et libertés a produit par le ministère du Patrimoine canadien. |
| 530 | |aÉgalement publ. en version imprimée. |
| 546 | |aTexte en tamoul. |
| 610 | 16|aCanada. |tCharte canadienne des droits et libertés. |
| 692 | 07|2gccst|aCharte des droits et libertés |
| 710 | 1 |aCanada. |bPatrimoine canadien. |
| 775 | 08|tCharte canadienne des droits et libertés.|w(CaOODSP)9.644021 |
| 791 | |t[Canadian Charter of Rights and Freedoms] |eeng|w(CaOODSP)9.837662 |
| 856 | 40|qPDF|s789 Ko|uhttps://publications.gc.ca/collections/collection_2017/pch/CH37-4-1-2017-tam.pdf |